Different symbols for different names-periodic table - Statistics

General Stats
  • This quiz has been taken 13 times
  • The average score is 5 of 11
Answer Stats
Picture Hint Answer % Correct
Gold Aurum
67%
Sodium Natrium
67%
Iron Ferrum
58%
Lead Plumbum
58%
Tungsten Wolfram
58%
Copper Cuprum
50%
Potassium Kalium
42%
Tin Stannum
42%
Silver Argentine
33%
Antimony Stibium
33%
Mercury Hydrargyrum
17%
No matching quizzes found
Score Distribution
Percent of People with Each Score
Percentile by Number Answered
Your Score History
You have not taken this quiz